|
|
|
|
| LEADER |
02008nam a2200361 a 4500 |
| 001 |
12856730 |
| 008 |
090601r2003 enka b 001 0 eng d |
| 999 |
|
|
|c 9931
|d 9931
|
| 010 |
|
|
|a 2002029313
|
| 020 |
|
|
|a 0273658042
|
| 020 |
|
|
|a 8129701987
|
| 040 |
|
|
|a DLC
|c DLC
|d DLC
|d BD-DhAAL
|
| 082 |
0 |
0 |
|a 650.072
|2 21
|
| 100 |
1 |
|
|a Saunders, Mark,
|d 1959-
|9 30188
|
| 245 |
1 |
0 |
|a Research methods for business students /
|c Mark Saunders, Philip Lewis, Adrian Thornhill.
|
| 250 |
|
|
|a 3rd edition
|
| 260 |
|
|
|a Harlow, England ;
|a New York :
|b Prentice Hall ;
|a India :
|b Pearson Education,
|c 2003 [reprinted 2003]
|
| 300 |
|
|
|a xviii, 504 pages :
|b illustrations ;
|c 25 cm.
|
| 504 |
|
|
|a Includes bibliographical references and index.
|
| 541 |
1 |
|
|e 00016181
|
| 650 |
|
0 |
|a Business
|x Research
|x Methodology.
|9 30189
|
| 650 |
|
0 |
|a Business
|x Research
|x Data processing.
|9 30190
|
| 650 |
|
0 |
|a Management
|x Research
|x Methodology.
|9 30191
|
| 650 |
|
0 |
|a Management
|x Research
|x Data processing.
|9 30192
|
| 700 |
1 |
|
|a Lewis, Philip,
|d 1945-
|9 30193
|
| 700 |
1 |
|
|a Thornhill, Adrian.
|9 30194
|
| 852 |
4 |
|
|a Ayesha Abed Library
|j General shelf.
|
| 942 |
|
|
|2 ddc
|c BK
|
| 952 |
|
|
|0 0
|1 0
|2 ddc
|4 0
|6 650_072000000000000_SAU_2003
|7 0
|9 12850
|a BRACUL
|b BRACUL
|c GEN
|d 2010-10-30
|l 2
|m 3
|o 650.072 SAU
|p 3010016181
|r 2018-05-17
|s 2017-11-27
|t 1
|w 2010-10-30
|y BK
|
| 952 |
|
|
|0 0
|1 0
|2 ddc
|4 0
|6 650_072000000000000_SAU_2003
|7 0
|9 12868
|a BRACUL
|b BRACUL
|d 2010-10-30
|l 1
|m 2
|o 650.072 SAU
|p 3010016183
|r 2025-12-30
|s 2025-07-15
|t 2
|w 2010-10-30
|y BK
|
| 952 |
|
|
|0 0
|1 0
|2 ddc
|4 0
|6 650_072000000000000_SAU_2003
|7 0
|9 12869
|a BRACUL
|b BRACUL
|c GEN
|d 2010-10-30
|l 2
|m 3
|o 650.072 SAU
|p 3010016180
|r 2016-05-16
|s 2016-05-09
|t 3
|w 2010-10-30
|y BK
|
| 952 |
|
|
|0 0
|1 0
|2 ddc
|4 0
|6 650_072000000000000_SAU_2003
|7 0
|9 12870
|a BRACUL
|b BRACUL
|c GEN
|d 2010-10-30
|l 0
|o 650.072 SAU
|p 3010016182
|r 2010-10-30
|t 4
|w 2010-10-30
|y BK
|
| 952 |
|
|
|0 0
|1 0
|2 ddc
|4 0
|6 650_072000000000000_SAU
|7 0
|9 12871
|a BRACUL
|b BRACUL
|c GEN
|d 2010-10-30
|l 6
|m 17
|o 650.072 SAU
|p 3010012091
|r 2015-01-31
|s 2014-09-25
|t 5
|w 2010-10-30
|y BK
|x Price not available in Register
|